Statistics for Countries with the Most Punjabi Speakers

Click here to take the quiz!

General Stats

  • This quiz has been taken 111 times
  • The average score is 7 of 10

Answer Stats

PlaceSpeakersAnswer% Correct
2.33 124 726India
100%
1.80 540 000Pakistan
100%
5.280 000U.S.A.
98%
4.532 000Canada
97%
6.273 000U.K.
94%
7.132 499Australia
78%
9.100 000U.A.E.
56%
3.834 000Saudi Arabia
55%
8.130 000Malaysia
36%
10.71 000Japan
21%

Score Distribution

Percentile by Number Answered

Percent of People with Each Score

Your Score History

You have not taken this quiz